najpopularniejsze imiona w polsce - Statystyki

Ogólne statystyki
  • Ten quiz został rozwiązany 36 razy
  • Średni wynik to 6 z 10
Statystyki odpowiedzi
płeć imię % Poprawnych
męksi Jan
89%
żeński Anna
86%
męksi Piotr
79%
męksi Krzysztof
64%
żeński Katarzyna
61%
żeński Maria
54%
żeński Agnieszka
50%
męksi Tomasz
43%
męksi Andrzej
36%
żeński Małgorzata
25%
Nie znaleziono quizów pasujących do podanych kryteriów
Rozkład punktacji
Procent ludzi z każdym wynikiem
Percentyl według liczby udzielonych odpowiedzi
Twoja historia wyników
Nie rozwiązałeś tego quizu